| 000 | 01666cam a2200397 a 4500 | ||
|---|---|---|---|
| 999 |
_c17655 _d17627 |
||
| 001 | 16548847 | ||
| 003 | EG-ScBUE | ||
| 005 | 20191215143640.0 | ||
| 006 | m||||fq||h 00| 0 | ||
| 008 | 101122t2012 nyua f 000 0 eng d | ||
| 020 | _a0071750177 (pbk. : alk. paper : CD : DVD) | ||
| 020 | _a9780071750172 (pbk. : alk. paper : CD : DVD) | ||
| 040 |
_aEG-ScBUE _beng _erda _cEG-ScBUE _dEG-ScBUE |
||
| 043 | _an-us---- | ||
| 082 | 0 | 4 |
_a428.34 _bCAM _222 |
| 100 | 1 |
_aCameron, Susan, _eauthor. _934119 |
|
| 245 | 1 | 0 |
_aPerfecting your English pronunciation / _cSusan Cameron. |
| 246 | 3 | 4 |
_aPerfecting your English pronunciation : _bthe most effective method to reduce your accent |
| 264 | 1 |
_aNew York : _bMcGraw-Hill, _c[2012] |
|
| 264 | 4 | _cc 2012 | |
| 300 |
_axix, 234 pages : _billustrations ; _c24 cm + _e1 audio CD + 1 video CD |
||
| 336 |
_2rdacontent _atext _btxt |
||
| 336 |
_2rdacontent _asounds _bsnd |
||
| 336 |
_2rdacontent _aspoken word _bspw |
||
| 337 |
_2rdamedia _aunmediated _bn |
||
| 337 |
_2rdamedia _aaudio _bs |
||
| 338 |
_2rdacarrier _avolume _bnc |
||
| 338 |
_2rdacarrier _acomputer disc _bcd |
||
| 500 | _aIncludes appendices. | ||
| 505 | 0 | _aGetting Started. Retraining the articulation muscles -- The International Phonetic Alphabet (IPA) -- The Difficult Sounds of English. The consonants -- The vowels -- The Rhythms of English. Syllable stress within words -- Word stress within sentences -- Putting It All Together. Marking a busness speech. | |
| 590 | _aMohamed. | ||
| 650 | 7 |
_aEnglish language _xPronunciation. _2BUEsh _934120 |
|
| 653 |
_bHHUUEENN _cOctober2013 _cJuly2019 |
||
| 655 | _vReading book | ||
| 942 |
_2ddc _k428.3421 CAM _cBB |
||